Подробности
| 000 -МАРКЕР |
| контрольное поле |
01634nam0a22002651 4500 |
| 001 - ИДЕНТИФИКАТОР ЗАПИСИ |
| контрольное поле |
rc\2230689 |
| 005 - ИДЕНТИФИКАТОР ВЕРСИИ |
| контрольное поле |
20260409084856.0 |
| 035 ## - ДРУГИЕ СИСТЕМНЫЕ НОМЕРА |
| Идентификатор записи |
(NLR Aleph) 006496317 |
| 100 ## - ДАННЫЕ ОБЩЕЙ ОБРАБОТКИ |
| Данные общей обработки |
20110829d1978 u y0rusy50 ca |
| 101 0# - ЯЗЫК РЕСУРСА |
| Язык текста, звукозаписи и т.д. |
русский |
| 102 ## - СТРАНА ПУБЛИКАЦИИ ИЛИ ПРОИЗВОДСТВА |
| Страна публикации |
Российская Федерация |
| 105 ## - ПОЛЕ КОДИРОВАННЫХ ДАННЫХ: ТЕКСТОВЫЕ МАТЕРИАЛЫ, МОНОГРАФИЧЕСКИЕ |
| Кодированные данные о монографическом текстовом документе |
y z ||||| |
| 200 1# - ЗАГЛАВИЕ И СВЕДЕНИЯ ОБ ОТВЕТСТВЕННОСТИ |
| Основное заглавие |
[V Съезд художников СССР и задачи дальнейшего развития изобразительного искусства РСФСР] |
| Сведения, относящиеся к заглавию |
Докл. пред. правл. Союза художников РСФСР Ткачева С.П. |
| 210 ## - ПУБЛИКАЦИЯ, РАСПРОСТРАНЕНИЕ И ДР. |
| Место издания, распространения и т.д. |
Москва |
| Имя издателя, распространителя и т. д. |
Б. и. |
| Дата издания, распространения и т.д. |
[1978] |
| 215 ## - ФИЗИЧЕСКАЯ ХАРАКТЕРИСТИКА |
| Специфическое обозначение материала и объем |
25 с. |
| Размеры |
21 |
| 423 #0 - ИЗДАЕТСЯ В ОДНОЙ ОБЛОЖКЕ ВМЕСТЕ С ... |
| Встроенное поле |
1010#$arus |
| -- |
2001#$aПостановление III пленума правления Союза художников РСФСР, 2 марта 1978 г., г. Москва$fIII пленум правл. Союза художников РСФСР |
| -- |
53211$aПостановление Третьего пленума правления Союза художников РСФСР, 2 марта 1978 г., г. Москва |
| Заглавие |
Постановление III пленума правления Союза художников РСФСР, 2 марта 1978 г., г. Москва |
| 700 #1 - ИМЯ ЛИЦА - ПЕРВИЧНАЯ ОТВЕТСТВЕННОСТЬ |
| Графика поля |
Кириллица |
| Материалы, к которым относится поле |
rus |
| Начальный элемент ввода |
Ткачёв |
| Часть имени, кроме начального элемента ввода |
С. П. |
| Дополнения к именам, кроме дат |
художник |
| Даты |
1922-2022 |
| Расширение инициалов личного имени |
Сергей Петрович |
| Системный номер авторитетной/нормативной записи |
119085 |
| Идентификатор авторитетной/нормативной записи |
RU\NLR\AUTH\779245 |
| 711 02 - НАИМЕНОВАНИЕ ОРГАНИЗАЦИИ - АЛЬТЕРНАТИВНАЯ ОТВЕТСТВЕННОСТЬ |
| Начальный элемент ввода |
Союз художников РСФСР |
| Структурное подразделение |
Правление |
| -- |
Пленум |
| Дата проведения временной организации |
1978, март |
| Системный номер авторитетной/нормативной записи |
679511 |
| Идентификатор авторитетной/нормативной записи |
RU\NLR\AUTH\880509611 |
| 801 #0 - ИСТОЧНИК ЗАПИСИ |
| Страна |
Российская Федерация |
| Организация |
NLR |
| Правила каталогизации |
psbo |
| 801 #1 - ИСТОЧНИК ЗАПИСИ |
| Страна |
Российская Федерация |
| Организация |
ELAR |
| Источник данных |
rusmarc |
| 852 ## - МЕСТОНАХОЖДЕНИЕ И ШИФР ХРАНЕНИЯ |
| Идентификатор организации |
NLR |
| Шифр хранения (Call Number) |
78-4/17625 |
| 942 ## - ДОПОЛНИТЕЛЬНЫЕ ЭЛЕМЕНТЫ ЗАПИСИ (АБИС) |
| Тип экземпляра АБИС |
Книга |
| 980 ## - КОЛЛЕКЦИЯ |
| Название коллекции |
Национальная библиография |